| Tag |
First Indicator |
Second Indicator |
Subfields |
| LEADER |
00000cam a2200000 a 4500 |
| 001 |
in00000006923 |
| 005 |
20151004070012.0 |
| 008 |
880113s1987 gw 00010 ger d |
| 020 |
|
|
|a 3446149929
|
| 035 |
|
|
|a (OCoLC)17343261
|
| 035 |
|
|
|9 AAA1384AM
|
| 040 |
|
|
|a CUY
|c CUY
|d TXA
|d UtOrBLW
|
| 049 |
|
|
|a TXAM
|c [A12543427]
|
| 050 |
|
4 |
|a PT2664.E47
|b H67 1987
|
| 100 |
1 |
|
|a Demski, Eva,
|d 1944-
|
| 245 |
1 |
0 |
|a Hotel Hölle, guten Tag ... :
|b Roman /
|c Eva Demski.
|
| 264 |
|
1 |
|a München :
|b Hanser,
|c [1987]
|
| 264 |
|
4 |
|c ©1987
|
| 300 |
|
|
|a 305 pages ;
|c 20 cm.
|
| 336 |
|
|
|a text
|b txt
|2 rdacontent
|
| 337 |
|
|
|a unmediated
|b n
|2 rdamedia
|
| 338 |
|
|
|a volume
|b nc
|2 rdacarrier
|
| 999 |
|
|
|a MARS
|
| 999 |
f |
f |
|s 150943e8-ea3f-336e-a0e3-f74c90e073bf
|i bdb7222a-cf84-39e3-8d05-ec094230eb17
|t 0
|
| 952 |
f |
f |
|p ric
|a Texas A&M University
|b Rellis Campus
|c Joint Library Facility
|d Remote Storage
|t 0
|e PT2664.E47 H67 1987
|h Library of Congress classification
|i unmediated -- volume
|m A14812543427
|
| 998 |
f |
f |
|a PT2664.E47 H67 1987
|t 0
|l Remote Storage
|